[Event "Portugalete Bizkaia-ch U16"]
[Site "Portugalete"]
[Date "2017.12.28"]
[Round "2.13"]
[White "Manzano Magdaleno, Aiala"]
[Black "Rocha Espejo, Julio Cesar"]
[Result "0-1"]
[WhiteElo "1533"]
[BlackElo "1668"]
[PlyCount "152"]
[EventDate "2017.12.27"]
[EventType "swiss"]
[EventRounds "5"]
[EventCountry "ESP"]
[SourceTitle "EXT 2024"]
[Source "ChessBase"]
[SourceDate "2023.10.10"]
[SourceVersion "1"]
[SourceVersionDate "2023.10.10"]
[SourceQuality "1"]

1. e4 d5 2. Nc3 Nf6 3. Bb5+ Bd7 4. Bxd7+ Qxd7 5. e5 Ng4 6. Qf3 d4 7. e6 Qxe6+ 8. Qe4 dxc3 9. Qxe6 fxe6 10. dxc3 Nc6 11. Ne2 0-0-0 12. 0-0 g6 13. Nf4 Rd6 14. f3 Nge5 15. b3 Bg7 16. Ba3 Rd7 17. Nxe6 Bh6 18. Nc5 Be3+ 19. Kh1 Bxc5 20. Bxc5 Rd2 21. f4 Nd7 22. Be3 Rxc2 23. c4 Re2 24. Bc1 Nd4 25. g3 Nc2 26. Rb1 Re1 27. Rxe1 Nxe1 28. Bb2 Nd3 29. Bxh8 Nf6 30. Bxf6 exf6 31. Kg2 c5 32. a3 a5 33. a4 Nb4 34. Re1 Nc2 35. Re8+ Kd7 36. Re2 Nd4 37. Rd2 Ke6 38. Rd3 Kf5 39. Kh3 Ke4 40. Rc3 Ne2 41. Rc2 Kd3 42. Rb2 Nc1 43. Rb1 Kc2 44. Rxc1+ Kxc1 45. Kg4 h5+ 46. Kh4 Kc2 47. g4 hxg4 48. Kxg4 Kxb3 49. f5 gxf5+ 50. Kxf5 Kxc4 51. h4 Kb4 52. h5 c4 53. h6 c3 54. h7 c2 55. h8Q c1Q 56. Qf8+ Qc5+ 57. Qxc5+ Kxc5 58. Kxf6 b5 59. axb5 Kxb5 60. Ke5 Kb4 61. Kd4 a4 62. Kd3 Kb3 63. Kd2 Kb2 64. Kd3 a3 65. Kc4 a2 66. Kd3 a1Q 67. Ke3 Qd1 68. Ke4 Kc3 69. Ke5 Kc4 70. Ke6 Kc5 71. Kf6 Qe2 72. Kf7 Kd6 73. Kf8 Qe7+ 74. Kg8 Ke6 75. Kh8 Kf6 76. Kg8 Qg7# 0-1